Vista normal
Vista MARC
Entrada Materia (tema)
Número de registros utilizados en: 1
001 - CONTROL NUMBER
- control field: 100529
003 - CONTROL NUMBER IDENTIFIER
- control field: Co-BoUCM
005 - DATE AND TIME OF LATEST TRANSACTION
- control field: 20200605110250.0
008 - FIXED-LENGTH DATA ELEMENTS
- fixed length control field: 200605|| aca||aabn | a|a d
040 ## - CATALOGING SOURCE
- Original cataloging agency: Co-BoUCM
- Transcribing agency: Co-BoUCM
150 ## - HEADING--TOPICAL TERM
- Topical term or geographic name as entry element: Literatura inglesa
- Geographic subdivision: Siglo XIV-XVIII
670 ## - SOURCE DATA FOUND
- Source citation: Work cat.: (Co-BoUCM)164807: Villemain, M. 1790-1870 Abel-François 100527, Cours de littérature française, 1841